Statystyki dla Top 100 filmów na Filmwebie

Kliknij tutaj aby rozwiązać quiz!

Ogólne statystyki

  • Ten quiz został rozwiązany 37 razy
  • Średni wynik to 24 z 100

Statystyki odpowiedzi

Miejsce/RokFilm% Poprawnych
90. 2020Ojciec
81%
4. 1972Ojciec chrzestny
78%
8. 1974Ojciec Chrzestny 2
78%
76. 1990Ojciec chrzestny 3
78%
1. 1994Skazani na Shawshank
78%
3. 1999Zielona mila
69%
6. 1994Forrest Gump
66%
11. 1994Pulp Fiction
63%
21. 2010Incepcja
59%
18. 2019Joker
56%
7. 1975Lot nad kukułczym gniazdem
56%
2. 2011Nietykalni
53%
66. 2014Interstellar
50%
49. 2008Mroczny Rycerz
50%
65. 2019Avengers koniec gry
41%
5. 1957Dwunastu gniewnych ludzi
41%
31. 2000Gladiator
41%
10. 1993Lista Schindlera
41%
16. 1990Chłopcy z ferajny
38%
23. 1994Król Lew
38%
22. 1991Milczenie owiec
38%
17. 2002Pianista
38%
33. 1998Szeregowiec Ryan
38%
50. 2001Władca Pierścieni Drużyna Pierścienia
38%
13. 2002Władca Pierścieni Dwie wieże
38%
9. 2003Władca Pierścieni Powrót króla
38%
32. 2024Diuna 2
34%
19. 2012Django
34%
88. 2023Oppenheimer
34%
81. 1971Mechaniczna pomarańcza
31%
14. 1995Siedem
31%
72. 1992Wściekłe psy
31%
15. 1999Podziemny krąg
28%
55. 2009Bękarty wojny
25%
34. 1995Braveheart
25%
24. 1983Człowiek z blizną
25%
75. 1977Gwiezdne wojny Nowa nadzieja
25%
45. 1983Gwiezdne wojny Powrót Jedi
25%
20. 2001Piękny umysł
25%
40. 1992Zapach kobiety
25%
46. 1984Dawno temu w Ameryce
22%
42. 1980Gwiezdne wojny Imperium kontratakuje
22%
28. 1994Leon zawodowiec
22%
52. 2019Parasite
22%
27. 2010Wyspa tajemnic
22%
37. 2008Chłopiec w pasiastej piżamie
19%
43. 1966Dobry, zły i brzydki
19%
99. 1993Filadelfia
19%
59. 2006Infiltracja
19%
63. 1978Łowca jeleni
19%
56. 1986Pluton
19%
35. 2014Whiplash
19%
26. 2017Coco
16%
39. 1979Czas Apokalipsy
16%
51. 1995Gorączka
16%
38. 2016Przełęcz ocalonych
16%
61. 1960Psychoza
16%
85. 2002Złap mnie, jeśli potrafisz
16%
12. 1997Życie jest piękne
16%
70. 1997Adwokat diabła
13%
44. 2018Avengers wojna bez granic
13%
94. 2018Bohemian Rhapsody
13%
36. 1997Buntownik z wyboru
13%
30. 2018Green Book
13%
86. 2013Labirynt
13%
97. 1979Obcy
13%
41. 2006Prestiż
13%
69. 1988Rain Man
13%
79. 2018Spiderman Uniwersum
13%
87. 2001Wróg u bram
13%
78. 2016Zwierzogród
13%
54. 1984Amadeusz
9%
25. 2008Gran Torino
9%
48. 1995Kasyno
9%
57. 2004Pamiętnik
9%
68. 2000Przekręt
9%
29. 1998Więzień nienawiści
9%
82. 1973Żądło
9%
73. 1987Full Metal Jacket
6%
92. 2000Requiem dla snu
6%
96. 2004Ruchomy zamek Hauru
6%
89. 1954Siedmiu samurajów
6%
74. 2017Trzy billboardy za Ebbing, Missouri
6%
53. 2006W pogoni za szczęściem
6%
100. 1993Życie Carlita
6%
98. 1979Żywot Briana
6%
77. 1988Cinema Paradiso
3%
80. 2016Contratiempo
3%
91. 2010Jak wytresować smoka
3%
83. 2019Klaus
3%
93. 2013Koneser
3%
95. 1997Księżniczka Mononoke
3%
67. 2002Miasto Boga
3%
62. 2009Mój przyjaciel Hachiko
3%
60. 1990Przebudzenia
3%
64. 2008Siedem dusz
3%
47. 2011Służące
3%
58. 2001Spirited Away W krainie Bogów
3%
71. 1975Monty Python i Święty Graal
0%
84. 2004Pan od muzyki
0%

Rozkład punktacji

Percentyl według liczby udzielonych odpowiedzi

Procent ludzi z każdym wynikiem

Twoja historia wyników

Nie rozwiązałeś tego quizu